One Worded Movies - Statistics

General Stats
  • This quiz has been taken 20 times
  • The average score is 10 of 46
Answer Stats
Picture Answer % Correct
Juno
82%
Interstellar
65%
Enchanted
59%
Rocketman
47%
Gravity
41%
Taxi
41%
Balto
35%
Chappie
35%
Click
35%
Elysium
35%
Noah
35%
Vacation
29%
Zodiac
29%
Zookeeper
29%
Allied
24%
Dredd
24%
Nerve
24%
Oblivion
24%
Sisters
24%
Trainwreck
24%
Greenland
18%
Jumper
18%
Knowing
18%
Looper
18%
Prometheus
18%
Riddick
18%
Argylle
12%
Disturbia
12%
Lawless
12%
Shooter
12%
Unstoppable
12%
Wanderlust
12%
Widows
12%
Beastly
6%
Finch
6%
Fracture
6%
Haywire
6%
Hypnotic
6%
Immortals
6%
Kandahar
6%
Memory
6%
Moonfall
6%
Overdrive
6%
Parker
6%
Unknown
6%
Voyagers
6%
No matching quizzes found
Score Distribution
Percent of People with Each Score
Percentile by Number Answered
Your Score History
You have not taken this quiz